000 01253nam a22003617a 4500
003 CHAP
005 20220329133556.0
008 971013s1994 r 00010 d
010 _a8081
011 _a9053
035 _a8287
040 _cCHAP
090 _aTesis
100 0 0 _aCruz López, Román Luis.
_929486
245 _aEfecto del tratamiento de agua de bebida con ácidos cítricos y acético sobre el comportamiento de lechones postdestete
260 _aChapingo, Méx. :
_bEl autor,
_c1994
300 _a99 h.
_b; gráfs
502 _aTesis (Ing. Agr. Esp. en Zootecnia) -- UACH. Departamento de Zootecnia
590 _aALEPH
_b10
_c20130110
_lUCH01
_h1221
590 _aBATCH-UPD
_b10
_c20130109
_lUCH01
_h2313
590 _aBATCH-UPD
_b10
_c20130110
_lUCH01
_h0944
590 _aBATCH-UPD
_b10
_c20130409
_lUCH01
_h1833
590 _aBATCH-UPD
_b10
_c20130410
_lUCH01
_h0600
590 _aBATCH-UPD
_b10
_c20130913
_lUCH01
_h1904
590 _aCONVERSION
_b10
_c20130109
_lUCH01
_h1305
650 1 4 _aAcido acético.
_9570
650 1 4 _aLechones
_xAlimentación.
_965444
650 1 4 _aLechones
_xDestete.
_965445
700 0 _aQuevedo Badillo, Rodrigo.
_993253
901 _aBK
942 _cTESIS
949 _bBC
_cTES
_d-18460
_eTS1
_h26481
_i8287
_si
999 _c8081
_d8081